000
00224nam a2200085Ia 4500
245
0
_a
The dreadful duke
100
_a
Hazard, Barbara Leicester, 2009
_9
78561
942
_c
BK
008
210819s9999 xx 000 0 und d
999
_c
271756
_d
271755